| 000 | 00589nam a2200217Ia 4500 | ||
|---|---|---|---|
| 003 | OSt | ||
| 005 | 20230403095236.0 | ||
| 008 | 210423s2008 xx 000 0 und d | ||
| 020 | _a9780324645217 | ||
| 040 | _cAL | ||
| 041 | _aeng | ||
| 082 |
_a658.15 REEJ _223 |
||
| 100 |
_aREEVE (James M);WARREN (Carl S). _982150 |
||
| 245 | _aPrinciples of financial and managerial accounting. | ||
| 250 | _a9 | ||
| 260 |
_aAustralia _bThomson _c2008 |
||
| 300 |
_axxxii,1223,I-18 _bPB |
||
| 365 |
_b595 _cINR |
||
| 906 | _aaccounting. ; financial ; managerial ; Principles | ||
| 942 |
_2ddc _cBK |
||
| 999 |
_c158531 _d158531 |
||